LIBRARY & INFORMATION CENTRE, KCAET, TAVANUR

ONLINE PUBLIC ACCESS CATALOGUE (OPAC)

Engineering mechanics dynamics / (Record no. 2015)

MARC details
000 -LEADER
fixed length control field 00528cam a2200205ua 4500
041 ## - LANGUAGE CODE
Language code of text/sound track or separate title eng
082 ## - DEWEY DECIMAL CLASSIFICATION NUMBER
Classification number 621.104
Item number SUD/EN
100 ## - MAIN ENTRY--AUTHOR NAME
Personal name Sudacarajan, V .
245 ## - TITLE STATEMENT
Title Engineering mechanics dynamics /
250 ## - EDITION STATEMENT
Edition statement 1 /
260 ## - PUBLICATION, DISTRIBUTION, ETC. (IMPRINT)
Place of publication New Delhi :
Name of publisher Tata Mc-Graw Hill Publishing Company ,
Year of publication 1982.
300 ## - PHYSICAL DESCRIPTION
Number of Pages 246 ; .
942 ## - ADDED ENTRY ELEMENTS (KOHA)
Koha item type Books
Holdings
Withdrawn status Lost status Damaged status Home library Current library Date acquired Full call number Accession Number Koha item type
Withdrawn   Damaged KAUAET KAUAET 07/04/2012 621.104 15696 Books
      KAUAET KAUAET 07/04/2012 621.104 16942 Books
      KAUAET KAUAET 07/04/2012 621.104 15668 Books
free website counter